LIBRARY ONLINE CATALOGUE

Now you can read to yourself : (Record no. 14571)

MARC details
000 -LEADER
fixed length control field 00584cam a22001812 4500
001 - CONTROL NUMBER
control field 0000009809
005 - DATE AND TIME OF LATEST TRANSACTION
control field 20151217160123.0
008 - FIXED-LENGTH DATA ELEMENTS--GENERAL INFORMATION
fixed length control field 081130s xx 000 0 eng d
040 ## - CATALOGING SOURCE
Original cataloging agency KABU
Transcribing agency KABU
110 2# - MAIN ENTRY--CORPORATE NAME
Corporate name or jurisdiction name as entry element Child Study Association of America.
-- 0000008850
245 10 - TITLE STATEMENT
Title Now you can read to yourself :
Remainder of title easy-to-read stories /
Statement of responsibility, etc. selected by the Child Study Association of America.
250 ## - EDITION STATEMENT
Edition statement 1st ed.
260 ## - PUBLICATION, DISTRIBUTION, ETC. (IMPRINT)
Place of publication, distribution, etc. New York :
Name of publisher, distributor, etc. T. Y. Crowell,
Date of publication, distribution, etc. 1964.
300 ## - PHYSICAL DESCRIPTION
Extent 132 p.
852 1# - LOCATION
-- p500 KES
908 ## - PUT COMMAND PARAMETER (RLIN)
Put command parameter 081130
950 ## - LOCAL HOLDINGS (RLIN)
-- 1
Holdings
Withdrawn status Lost status Source of classification or shelving scheme Not for loan Home library Current library Date acquired Total Checkouts Full call number Barcode Date last seen Date last checked out Price effective from Koha item type
    Library of Congress Classification   Kabarak, Main Campus Kabarak, Main Campus 17/12/2015 3 PZ7 .C45N6 c. 1 15659 22/02/2018 22/02/2018 17/12/2015 Children Collection